Assurance principles, professional ethics and good governance / (Record no. 2697)

MARC details
000 -LEADER
fixed length control field 00630nam a2200205 4500
003 - CONTROL NUMBER IDENTIFIER
control field OSt
005 - DATE AND TIME OF LATEST TRANSACTION
control field 20240726042518.0
008 - FIXED-LENGTH DATA ELEMENTS--GENERAL INFORMATION
fixed length control field 240725b |||||||| |||| 00| 0 eng d
020 ## - INTERNATIONAL STANDARD BOOK NUMBER
International Standard Book Number 9710489701
040 ## - CATALOGING SOURCE
Original cataloging agency DWCL-Main lib.
Transcribing agency OC
082 ## - DEWEY DECIMAL CLASSIFICATION NUMBER
Classification number Fil. 657.45 C117a 2010
006 - FIXED-LENGTH DATA ELEMENTS--ADDITIONAL MATERIAL CHARACTERISTICS
fixed length control field a
100 ## - MAIN ENTRY--PERSONAL NAME
Personal name Cabrera, Ma. Elenita Balatbat
245 ## - TITLE STATEMENT
Title Assurance principles, professional ethics and good governance /
260 ## - PUBLICATION, DISTRIBUTION, ETC.
Place of publication, distribution, etc. Manila :
Name of publisher, distributor, etc. GIC enterprises and co. , Inc. ,
Date of publication, distribution, etc. c2010.
300 ## - PHYSICAL DESCRIPTION
Extent xxiii,
Other physical details 1286 p. ;
Dimensions 23 cm.
504 ## - BIBLIOGRAPHY, ETC. NOTE
Bibliography, etc. note Includes Bibliographical references.<br/>
650 ## - SUBJECT ADDED ENTRY--TOPICAL TERM
Topical term or geographic name entry element 1. Auditing.
942 ## - ADDED ENTRY ELEMENTS (KOHA)
Source of classification or shelving scheme Dewey Decimal Classification
Suppress in OPAC No
Koha item type Book-Filipiniana
Call number prefix Fil.
Holdings
Withdrawn status Lost status Source of classification or shelving scheme Damaged status Not for loan Home library Current library Shelving location Date acquired Source of acquisition Cost, normal purchase price Total Checkouts Full call number Barcode Date last seen Copy number Price effective from Koha item type Uniform Resource Identifier
    Dewey Decimal Classification     College Library College Library Filipiniana 08/31/2010 School Fund 750.00   Fil. 657.45 C117a 2010 47734 07/25/2024 c1 07/25/2024 Book-Filipiniana
    Dewey Decimal Classification     College Library College Library Filipiniana 08/31/2010 School Fund 750.00   Fil. 657.45 C117a 2010 47874 07/25/2024 c2 07/25/2024 Book-Filipiniana
    Dewey Decimal Classification     College Library College Library Filipiniana 08/31/2010 School Fund 750.00   Fil. 657.45 C117a 2010 47875 07/25/2024 c3 07/25/2024 Book-Filipiniana
    Dewey Decimal Classification     College Library College Library Filipiniana 08/31/2010 School Fund 750.00   Fil. 657.45 C117a 2010 47873 07/26/2024 c4 07/25/2024 Book-Filipiniana